High density not low quality (Record no. 118191)
[ view plain ]
| 000 -LEADER | |
|---|---|
| fixed length control field | 01392cam a2200229 4500 |
| 001 - CONTROL NUMBER | |
| control field | WB@3612-409 |
| 008 - FIXED-LENGTH DATA ELEMENTS--GENERAL INFORMATION | |
| fixed length control field | 041019n2004 000 0 eng u |
| 035 ## - SYSTEM CONTROL NUMBER | |
| System control number | (Sirsi) u127760 |
| 245 ## - TITLE STATEMENT | |
| Title | High density not low quality |
| 260 ## - PUBLICATION, DISTRIBUTION, ETC. | |
| Date of publication, distribution, etc. | 2004 |
| 490 ## - SERIES STATEMENT | |
| Series statement | Planning (for the Natural and Built Environment) |
| Volume/sequential designation | 15 October 2004, 1 (1) |
| 520 ## - SUMMARY, ETC. | |
| Summary, etc. | A new report from the London Housing Federation will help ensure that today's higher density housing developments do not repeat the mistakes of the past. London, in particular, is facing up to a severe shortage of affordable housing for families and "Higher density housing for families: a design and specification guide" outlines the features needed to ensure family housing built at higher densities is popular and successful. The report advises that family homes need gardens, balconies or terraces. It also suggests that they should incorporate flexible layouts, sound insulation and storage arrangements. For the full report go to: http://www.housing.org.uk/newsroom/view.asp?newsid =370&title=High+Density+not+low+quality%3A+report+ sets+standards+for+future+of+family+housing. |
| 590 ## - LOCAL NOTE (RLIN) | |
| Local note | WB |
| 590 ## - LOCAL NOTE (RLIN) | |
| Local note | WB |
| 650 ## - SUBJECT ADDED ENTRY--TOPICAL TERM | |
| Topical term or geographic name entry element | HIGH DENSITY HOUSING |
| 650 ## - SUBJECT ADDED ENTRY--TOPICAL TERM | |
| Topical term or geographic name entry element | HOUSING SUPPLY |
| 650 ## - SUBJECT ADDED ENTRY--TOPICAL TERM | |
| Topical term or geographic name entry element | HIGH DENSITY DEVELOPMENT |
| 650 ## - SUBJECT ADDED ENTRY--TOPICAL TERM | |
| Topical term or geographic name entry element | Affordable housing |
| 9 (RLIN) | 6215 |
| 650 ## - SUBJECT ADDED ENTRY--TOPICAL TERM | |
| Topical term or geographic name entry element | FAMILY HOMES |
| 690 ## - LOCAL SUBJECT ADDED ENTRY--TOPICAL TERM (OCLC, RLIN) | |
| Topical term or geographic name as entry element | HOUSING-DEVELOPMENT |
| 942 ## - ADDED ENTRY ELEMENTS (KOHA) | |
| Suppress in OPAC | 0 |
| Withdrawn status | Lost status | Source of classification or shelving scheme | Damaged status | Not for loan | Home library | Current library | Shelving location | Date acquired | Total Checkouts | Full call number | Barcode | Date last seen | Copy number | Price effective from | Koha item type |
|---|---|---|---|---|---|---|---|---|---|---|---|---|---|---|---|
| Dewey Decimal Classification | London | London | News article | 19/10/2004 | WB4040-07 | 127760-1001 | 06/08/2019 | 1 | 06/08/2019 | News article |